| 000 | 01671nkm a2200361 c 4500 | ||
|---|---|---|---|
| 999 |
_c389285 _d389285 |
||
| 003 | BLK | ||
| 005 | 20200929145935.0 | ||
| 008 | 200929b bu ||||| |||| 00| 0 bu d | ||
| 040 | _aBLK | ||
| 041 |
_aENG _cENG |
||
| 080 |
_aИзобразителни изкуства и художествени занаяти _b73/76 _x.031(497.2) _z73/76.031(497.2) |
||
| 080 |
_aИзобразителни изкуства и художествени занаяти _b73/76 _x.032(497.2) _z73/76.032(497.2) |
||
| 100 |
_aVenedikov, Ivan Jordanov _eпърви автор _9434671 |
||
| 139 | _aVenedikov, Ivan Jordanov | ||
| 245 | 1 | 0 |
_aPrehistoric antique relics in Bulgaria _b [Изобразителен материал] : [албум] _ctext by Ivan Venedikov ; comp. by Nikolai Todorov ; transl. [от бълг.] by L. Vesselinova ; снимки Rosa Staneva, Iliana Gencheva, Stoiko Kozhouharov |
| 257 | _aBGR | ||
| 260 |
_aSofia _bSofia-Press _c1972 _9217007 |
||
| 300 |
_a1 албум (157 с.) _bс ил. _c21 x 22 см |
||
| 380 | _a7 | ||
| 650 | 4 |
_aИзкуство, праисторическо _9279320 |
|
| 650 | 4 |
_aИзкуство, антично _9279319 |
|
| 651 | 4 |
_aБългария _9241624 |
|
| 653 | _aантично изкуство | ||
| 653 | _aпраисторическо изкуство | ||
| 653 | _aбългарско изкуство | ||
| 700 |
_aTodorov, Nikolaj Todorov _ecomp. _963 |
||
| 700 |
_aStaneva, Roza _eсн. _9434674 |
||
| 700 |
_aGencheva, Iliana _eсн. _9434675 |
||
| 700 |
_aKozhouharov, Stoiko _eсн. _9434676 |
||
| 852 | _aЦб 301122 | ||
| 856 | 4 |
_qpdf _u |
|
| 856 | 4 |
_qpdf _u |
|
| 942 |
_cGRA _n0 _s1 |
||
| 944 |
_aCR _c2020-09-29 _l2020-09-29 |
||